00237nam a2200097Ia 4500008004100000100002300041245003000064260002900094300000800123650000800131191201s2003 xx 000 0 und d aCHADHA, Narender K 0aHuman Resource Management aN. DelhibShri Saic2003 a472 aMBA